Transformational grammar : a first course

Bibliographic Details
Main Author: Radford, Andrew (Author)
Format: Book
Published: Cambridge : Cambridge University Press , 1988
Series:Cambridge textbooks in linguistics
Subjects:

MARC

LEADER 00000cam a2200000 7i4500
001 0000037521
005 20041005093000.0
020 |a 0521345065 ,   |c (hb) 
020 |a 0521347505 ,   |c (pbk.) 
090 0 0 |a P158   |b .R29 1988 
100 0 |a Radford, Andrew ,   |e author 
245 1 0 |a Transformational grammar :   |b a first course   |c Andrew Radford 
260 2 |a Cambridge :   |b Cambridge University Press ,   |c 1988 
300 |a xii, 625 p. ;   |c 23 cm. 
440 0 0 |a Cambridge textbooks in linguistics 
504 |a Includes bibliographical references (p. 606-621) and index 
650 0 |a Generative grammar 
650 0 |a Grammar, Comparative and general   |x Syntax 
999 |a 1000083204   |b Book   |c OPEN SHELF (30 DAYS)   |e Gong Badak Campus